| 000 | 00718nam a22002057a 4500 | ||
|---|---|---|---|
| 003 | OSt | ||
| 005 | 20251023020439.0 | ||
| 008 | 251023b |||||||| |||| 00| 0 eng d | ||
| 020 | _a978-971-0508-70-9 | ||
| 040 |
_aDWC-Main lib. _cOC |
||
| 082 | _aFil. 808.042 L192p 2012 | ||
| 100 | _aLakandupil C. Garcia | ||
| 245 |
_aParadaym _b: pananaliksik sa wikang Filipino (intelektwalisasyon, disiplina at konsepto) _cLakandupil C. Garcia |
||
| 260 |
_aMalabon City, Phils. _b : Jimczyville Publications _c, c2012. |
||
| 300 |
_avi, 302 pages _c; 26 cm. |
||
| 504 | _aBibliography: pp. 300-302 | ||
| 650 | _aReport writing--Filipino. | ||
| 650 | _a 2. Research writing--Filipino. | ||
| 942 |
_2ddc _cBK - FIL _kFil. _n0 |
||
| 999 |
_c5030 _d5030 |
||